000 00465nam a22001337a 4500
082 _aMSCCS-4 TAY
100 _aTayyaba Zeb
_998503
245 _aQuantitative security metrics for secure VM migration protocols
260 _aIslamabad
_bNUST-SEECS
_c2015
300 _a63p.
_eCD Include
500 _aSupervisors: Dr. Abdul Ghafoor, Dr. Awais Shibli, Dr. Ali Haider, Dr. Zahid Anwar
856 _uhttp://10.250.8.41:8080/xmlui/handle/123456789/8215
942 _cPR
_2ddc
999 _c13311
_d13311